Príbeh zbojníka Juraja Jánošíka a politika

Bibliographic Details
Format: Article
Language:Slovak
PhysicalDescription:Fotogr.
ISSN:1210-4040
Subjects:

MARC

LEADER 00000nab a2200000 a 4500
001 vtls010334746
003 SK-MaSNL
005 20260305025439.0
008 120113c2011 xo wrzp 0 0slo
015 |a SNBRB2012/01  |2 rvgkpd 
038 |a RVGKPD 
040 |a RVGKPD  |b slo  |c RVGKPD  |e AACR2 
041 0 |a slo 
044 |a xo  |c SK 
080 |a 929 Jánošík, Juraj  |2 1997 
245 0 0 |a Príbeh zbojníka Juraja Jánošíka a politika 
300 |b Fotogr. 
600 1 7 |a Jánošík, Juraj,  |d 1688-1713  |2 rvgkpd  |9 172043 
650 0 7 |a zbojníci  |2 rvgkpd  |9 51650 
651 7 |a Terchová (Slovensko)  |2 rvgkpd  |9 68835 
651 7 |a Žilina (Slovensko : okres)  |2 rvgkpd  |9 56327 
773 0 |t Plus 7 dní  |g Roč. XX, č. 51-52 (2011), s. 83  |x 1210-4040 
852 |a RVGKPD  |b KIS3G 
992 |a RBX 
999 |c 3305744  |d 3307674